<?xml version="1.0" encoding="UTF-8"?>
<collection xmlns="http://www.loc.gov/MARC21/slim">
 <record>
  <leader>02976nam a2200289 a 4500</leader>
  <controlfield tag="001">1/45269</controlfield>
  <controlfield tag="008">140821s2008    ne            001 0 eng  </controlfield>
  <datafield tag="020" ind1=" " ind2=" ">
   <subfield code="a">9780123735560</subfield>
  </datafield>
  <datafield tag="020" ind1=" " ind2=" ">
   <subfield code="a">0123735564</subfield>
  </datafield>
  <datafield tag="035" ind1=" " ind2=" ">
   <subfield code="l">48229</subfield>
  </datafield>
  <datafield tag="040" ind1=" " ind2=" ">
   <subfield code="a">OPELS</subfield>
   <subfield code="b">eng</subfield>
   <subfield code="c">OPELS</subfield>
   <subfield code="d">OCLCQ</subfield>
   <subfield code="d">OCLCF</subfield>
   <subfield code="d">GR-PeUP</subfield>
  </datafield>
  <datafield tag="100" ind1="1" ind2=" ">
   <subfield code="a">Allemang, Dean.</subfield>
  </datafield>
  <datafield tag="245" ind1="1" ind2="0">
   <subfield code="a">Semantic web for the working ontologist</subfield>
   <subfield code="h">[electronic resource] :</subfield>
   <subfield code="b">modeling in RDF, RDFS and OWL /</subfield>
   <subfield code="c">Dean Allemang, James Hendler.</subfield>
  </datafield>
  <datafield tag="260" ind1=" " ind2=" ">
   <subfield code="a">Amsterdam ;</subfield>
   <subfield code="a">Boston :</subfield>
   <subfield code="b">Morgan Kaufmann Publishers/Elsevier,</subfield>
   <subfield code="c">[2008?]</subfield>
  </datafield>
  <datafield tag="300" ind1=" " ind2=" ">
   <subfield code="a">1 online resource (xvii, 330 p.) :</subfield>
   <subfield code="b">ill.</subfield>
  </datafield>
  <datafield tag="520" ind1=" " ind2=" ">
   <subfield code="a">The promise of the Semantic Web to provide a universal medium to exchange data information and knowledge has been well publicized. There are many sources too for basic information on the extensions to the WWW that permit content to be expressed in natural language yet used by software agents to easily find, share and integrate information. Until now individuals engaged in creating ontologies-- formal descriptions of the concepts, terms, and relationships within a given knowledge domain-- have had no sources beyond the technical standards documents. Semantic Web for the Working Ontologist transforms this information into the practical knowledge that programmers and subject domain experts need. Authors Allemang and Hendler begin with solutions to the basic problems, but don't stop there: they demonstrate how to develop your own solutions to problems of increasing complexity and ensure that your skills will keep pace with the continued evolution of the Semantic Web. . Provides practical information for all programmers and subject matter experts engaged in modeling data to fit the requirements of the Semantic Web. . De-emphasizes algorithms and proofs, focusing instead on real-world problems, creative solutions, and highly illustrative examples. . Presents detailed, ready-to-apply &quot;recipes&quot; for use in many specific situations. . Shows how to create new recipes from RDF, RDFS, and OWL constructs.</subfield>
  </datafield>
  <datafield tag="505" ind1="0" ind2=" ">
   <subfield code="a">1 WHAT IS THE SEMANTIC WEB? -- 2 SEMANTIC MODELING -- 3 RDF -- THE BASIS OF THE SEMANTIC WEB -- 4 SEMANTIC WEB APPLICATION ARCHITECTURE -- 5 RDF AND INFERENCING -- 6 RDF SCHEMA LANGUAGE -- 7 RDFS-PLUS: -- 8 USING RDFS-PLUS IN THE WILD -- 9 BASIC OWL -- 10 COUNTING AND SETS IN OWL -- 11 USING OWL IN THE WILD -- 12 GETTING STARTED ON A MODEL -- GOOD AND BAD MODELING PRACTICES -- 13 OWL LEVELS AND LOGIC -- 14 CONCLUSIONS -- 15 FREQUENTLY ASKED QUESTIONS.</subfield>
  </datafield>
  <datafield tag="504" ind1=" " ind2=" ">
   <subfield code="a">Includes bibliographical references (p. 317-320) and index.</subfield>
  </datafield>
  <datafield tag="650" ind1=" " ind2="4">
   <subfield code="a">Web site development.</subfield>
  </datafield>
  <datafield tag="650" ind1=" " ind2="4">
   <subfield code="a">Metadata.</subfield>
  </datafield>
  <datafield tag="650" ind1=" " ind2="4">
   <subfield code="a">Semantic Web.</subfield>
  </datafield>
  <datafield tag="655" ind1=" " ind2="4">
   <subfield code="a">Electronic books.</subfield>
  </datafield>
  <datafield tag="700" ind1="1" ind2=" ">
   <subfield code="a">Hendler, James A.</subfield>
  </datafield>
  <datafield tag="852" ind1=" " ind2=" ">
   <subfield code="a">INST</subfield>
   <subfield code="b">UNIPILB</subfield>
   <subfield code="c">EBOOKS</subfield>
   <subfield code="e">20140821</subfield>
   <subfield code="p">00b48229</subfield>
   <subfield code="q">00b48229</subfield>
   <subfield code="t">ONLINE</subfield>
   <subfield code="y">0</subfield>
  </datafield>
  <datafield tag="856" ind1="4" ind2="0">
   <subfield code="3">ScienceDirect</subfield>
   <subfield code="u">http://www.sciencedirect.com/science/book/9780123735560</subfield>
  </datafield>
  <datafield tag="856" ind1="4" ind2=" ">
   <subfield code="d">/webopac/covers/03/48229_9780123735560.jpg</subfield>
  </datafield>
  <datafield tag="856" ind1="4" ind2=" ">
   <subfield code="d">/webopac/covers/03/48229_0123735564.jpg</subfield>
  </datafield>
 </record>
</collection>
